<?xml version="1.0" encoding="UTF-8"?>
<marc:record xmlns:marc="http://www.loc.gov/MARC21/slim">
   <marc:leader>00000nam a2200000 a 4500</marc:leader>
   <marc:datafield ind1="1" ind2=" " tag="100">
      <marc:subfield code="a">Socha, Piotr</marc:subfield>
      <marc:subfield code="4">aut</marc:subfield>
      <marc:subfield code="e">Verfasser/-in</marc:subfield>
   </marc:datafield>
   <marc:datafield ind1=" " ind2=" " tag="653">
      <marc:subfield code="a">Bienen</marc:subfield>
   </marc:datafield>
   <marc:datafield ind1="0" ind2="0" tag="245">
      <marc:subfield code="a">Bienen</marc:subfield>
   </marc:datafield>
   <marc:datafield ind1="0" ind2="0" tag="245">
      <marc:subfield code="c">Piotr Socha. Red. Mitarb. und fachliche Beratung: Wojciech Grajkowski. Aus dem Poln. von Thomas Weiler</marc:subfield>
   </marc:datafield>
   <marc:datafield ind1=" " ind2="1" tag="264">
      <marc:subfield code="a">Hildesheim</marc:subfield>
      <marc:subfield code="b">Gerstenberg</marc:subfield>
      <marc:subfield code="c">2016</marc:subfield>
   </marc:datafield>
   <marc:datafield ind1=" " ind2=" " tag="250">
      <marc:subfield code="a">1.Aufl.</marc:subfield>
   </marc:datafield>
   <marc:datafield ind1="1" ind2=" " tag="520">
      <marc:subfield code="a">Quelle: LHW.Lesen.Hören.Wissen (http://www.provinz.bz.it/kulturabteilung/bibliotheken/320.asp); #Autor: Brigitte Kustatscher; #Wer dieses großformatige Sachbuch aufschlägt, begegnet einem wahren Kunstwerk. Den formvollendeten Illustrationen wird hier der Platz eingeräumt, den sie auch verdienen - nämlich viel! Aufgeteilt sind die Doppelseiten in Tafeln, jeweils am unteren Bildrand findet man einen pointiert geschriebenen Text, dem man seine Informationsfülle nicht anmerkt - denn sofort schmökert man drauflos! Neben naturwissenschaftlichen Ausführungen zur Biene, die man in einem einschlägigen Sachbuch wohl erwartet, macht Piotr Socha auch einen Abstecher zu den Sauriern, in die Steinzeit, schaut bei den Ägyptern und Griechen vorbei und besucht historische Persönlichkeiten wie Alexander den Großen oder Napoleon. Denn alle haben sie den Bienen etwas zu verdanken. Zeidlerei, Imkerei, Bienen- und Figurenbeuten - dieses Sachbuch lässt nichts unerklärt. Wie man in unterschiedlichen Kulturen zu den nützlichen Produkten der Bienen kommt, wird ebenso geschildert wie das Szenario des Bienensterbens und seine Folge für uns Menschen. Selten war ein Sachbuch so ein Leseerlebnis - und selten ein Vorsatzpapier so schick verziert. Ein Buch, das gute Laune macht!#ab 5 Jahren</marc:subfield>
   </marc:datafield>
   <marc:datafield ind1=" " ind2=" " tag="020">
      <marc:subfield code="a">9783836959155</marc:subfield>
      <marc:subfield code="9">9783836959155</marc:subfield>
   </marc:datafield>
   <marc:datafield ind1=" " ind2=" " tag="300">
      <marc:subfield code="a">[35] Bl.</marc:subfield>
   </marc:datafield>
</marc:record>
